| 000 | 00363nam a2200145 4500 | ||
|---|---|---|---|
| 999 |
_c9529 _d9529 |
||
| 003 | OSt | ||
| 005 | 20210701171142.0 | ||
| 008 | 210701b ||||| |||| 00| 0 eng d | ||
| 020 | _a9780810905955 | ||
| 082 |
_a730 _bCAR |
||
| 100 |
_aCarter, Arthur, _d1931- |
||
| 245 | _aArthur Carter : sculptures, drawings, paintings | ||
| 260 |
_aNew York _bAbrams |
||
| 942 | _2ddc | ||